000 00390 a2200169 4500
001 46598
020 _a8516036413
040 _cAnchieta - Aquarius
100 _aQueirós, Bartolemeu Campos de
240 1 0 _aAté passarinho passa
_lpor
245 1 0 _aAté passarinho passa
300 _a29
362 0 _a2003
440 1 _aModerna
650 4 _aLiteratura infanto-juvenil
942 _cBK
999 _c46598
_d46598